[Event "UKR-ch"]
[Site "Simferopol"]
[Date "2003.11.09"]
[Round "6"]
[White "Pavlov, Sergey1111"]
[Black "Kladko, Ruslan"]
[Result "1/2-1/2"]
[WhiteElo "2301"]
[BlackElo "2178"]
[PlyCount "145"]
[EventDate "2003.11.04"]
[EventType "swiss"]
[EventRounds "9"]
[EventCountry "UKR"]
[SourceTitle "CBM 097 Extra"]
[Source "ChessBase"]
[SourceDate "2004.01.13"]
[SourceVersion "1"]
[SourceVersionDate "2004.01.13"]
[SourceQuality "1"]

1. e4 e6 2. d4 d5 3. Nd2 Nf6 4. Bd3 c5 5. c3 Nc6 6. Ngf3 Qb6 7. exd5 Nxd5 8. Nc4 Qc7 9. Nce5 Bd6 10. Nxc6 Qxc6 11. Ne5 Bxe5 12. dxe5 Ne7 13. 0-0 Bd7 14. Qe2 Qc7 15. Bg5 h6 16. Bh4 Bc6 17. Rad1 0-0-0 18. Bg3 Kb8 19. Bb1 Rxd1 20. Qxd1 Qd7 21. Qd6+ Qxd6 22. exd6 Nd5 23. Rd1 Kc8 24. c4 Nf6 25. f3 Kd7 26. Rd2 a5 27. b3 b6 28. a3 Ra8 29. h3 Nh5 30. Be5 Nf6 31. Kf2 Rc8 32. g4 b5 33. Bd3 Rb8 34. Bc3 b4 35. axb4 axb4 36. Be5 Ra8 37. Be2 Ne8 38. Bg3 f6 39. Bd3 Bb7 40. Bg6 Bc6 41. Bf4 Ra3 42. Rd3 Ra2+ 43. Kg3 Ra5 44. h4 Ra1 45. Be3 Ra5 46. Bf4 Ra1 47. g5 hxg5 48. hxg5 Ra5 49. gxf6 gxf6 50. Bh6 Ra1 51. Kf2 Ra2+ 52. Ke3 Rg2 53. Bh5 Rh2 54. Bxe8+ Kxe8 55. Bf4 Rh5 56. Kf2 Kd7 57. Be3 Rf5 58. Bh6 Ke8 59. Kg3 Rh5 60. Be3 Rf5 61. f4 Kd7 62. Rd2 Be4 63. Kg4 Bc6 64. Bf2 Be4 65. Bh4 Bc6 66. Bf2 Be4 67. Be3 Bc6 68. Bf2 Be4 69. Bh4 Bc6 70. Ra2 Kxd6 71. Ra6 Kc7 72. Ra7+ Bb7 73. Ra2 1/2-1/2

[Event "UKR-ch"]
[Site "Simferopol"]
[Date "2003.11.07"]
[Round "4"]
[White "Solovchuk, Alexey"]
[Black "Kladko, Ruslan"]
[Result "1-0"]
[WhiteElo "2342"]
[BlackElo "2178"]
[PlyCount "53"]
[EventDate "2003.11.04"]
[EventType "swiss"]
[EventRounds "9"]
[EventCountry "UKR"]
[SourceTitle "CBM 097 Extra"]
[Source "ChessBase"]
[SourceDate "2004.01.13"]
[SourceVersion "1"]
[SourceVersionDate "2004.01.13"]
[SourceQuality "1"]

1. c4 c5 2. Nc3 Nc6 3. g3 Nf6 4. Bg2 e6 5. e4 d6 6. Nge2 Be7 7. 0-0 0-0 8. d4 cxd4 9. Nxd4 a6 10. Nxc6 bxc6 11. e5 dxe5 12. Qxd8 Rxd8 13. Bxc6 Rb8 14. b3 Bb7 15. Bxb7 Rxb7 16. Bb2 Bc5 17. Na4 Ba7 18. Bxe5 Ng4 19. Bc3 Rd3 20. Kg2 Rbd7 21. Rac1 Bd4 22. Bxd4 R3xd4 23. Nb6 Rc7 24. Rfd1 Rxd1 25. Rxd1 Kf8 26. Rd8+ Ke7 27. Ra8 1-0

[Event "UKR-ch"]
[Site "Simferopol"]
[Date "2003.11.04"]
[Round "1"]
[White "Kladko, Ruslan"]
[Black "Peskov, Alexsey"]
[Result "0-1"]
[WhiteElo "2178"]
[BlackElo "2410"]
[PlyCount "120"]
[EventDate "2003.11.04"]
[EventType "swiss"]
[EventRounds "9"]
[EventCountry "UKR"]
[SourceTitle "CBM 097 Extra"]
[Source "ChessBase"]
[SourceDate "2004.01.13"]
[SourceVersion "1"]
[SourceVersionDate "2004.01.13"]
[SourceQuality "1"]

1. e4 c5 2. Nf3 d6 3. d4 cxd4 4. Nxd4 Nf6 5. Nc3 a6 6. Be2 e6 7. 0-0 Be7 8. a4 Nc6 9. Be3 0-0 10. Kh1 Bd7 11. Nb3 Na5 12. Nxa5 Qxa5 13. Qd2 Kh8 14. Qd4 Rac8 15. Qb6 Qxb6 16. Bxb6 Bc6 17. f3 Rg8 18. Bd4 e5 19. Be3 d5 20. exd5 Bxd5 21. Rad1 Be6 22. Bd3 Bb4 23. Ne4 Nd5 24. Bc1 h6 25. c3 Be7 26. Ng3 Rgd8 27. Bf5 Bxf5 28. Nxf5 Bf8 29. g3 Nb6 30. a5 Nc4 31. b4 Kh7 32. g4 g6 33. Ng3 Be7 34. Ne2 Bg5 35. f4 exf4 36. Bxf4 Bxf4 37. Rxd8 Rxd8 38. Rxf4 Rd1+ 39. Kg2 Ne5 40. h3 Kg7 41. Rd4 Rxd4 42. Nxd4 Kf6 43. Kg3 Nd3 44. Kf3 Ke5 45. Ke3 Nb2 46. Nb3 Kd5 47. Nc5 Nc4+ 48. Kd3 Nxa5 49. Ne4 Nc6 50. c4+ Ke5 51. b5 axb5 52. cxb5 Nb4+ 53. Ke3 Nd5+ 54. Kf3 b6 55. Nd2 Kd4 56. Ne4 f6 57. h4 Ke5 58. Nd2 g5 59. h5 f5 60. Nc4+ Ke6 0-1